000 00683nam a2200229Ia 4500
003 OSt
005 20220923230423.0
006 a|||||r|||| 00| 0
007 ta
008 220922b |||||||| |||| 00| 0 pan d
024 _a281,664
037 _cTextual
040 _aARTS
_cARTS
_bpan
041 _2pan
_apan
082 _aO153,3N17x, L0
100 _aਦੁੱਗਲ, ਕਰਤਾਰ ਸਿੰਘ
_9156274
245 0 _aਕੁੰੜੀ ਕਹਾਣੀ ਕਰਦੀ ਗਈ
260 _c1970
650 _aਪੰਜਾਬੀ ਸਾਹਿਤ
942 _hO153,3N17x, L0
_cTEXL
_2CC
999 _c384700
_d384700